| 000 | 00945naa a2200241 i 4500 | ||
|---|---|---|---|
| 001 | 84815 | ||
| 003 | ES-MaBCM | ||
| 005 | 20241016125102.0 | ||
| 008 | 020610s2002 esp 000 0 spa d | ||
| 021 | _axx | ||
| 035 | _a(OCoLC)1365246621 | ||
| 040 | _cES-MaBCM | ||
| 041 | 0 | _aspa | |
| 043 | _aesp | ||
| 100 | 1 |
_aÍñiguez Hernández, Diego _923038 |
|
| 245 | 1 | 0 |
_aLa prohibición de partidos políticos en Alemania _cDiego Iñiguez, Sabine Friedel |
| 520 | _aLas demandas de inconstitucionalidad pendientes contra el NPD (Nationaldemokratische Partei Deutschlands). El contexto constitucional de la prohibición de partidos políticos en la República Federal. Antecedentes. El debate público... | ||
| 650 | 2 | 7 |
_aPartidos políticos _959719 |
| 651 | 2 | 4 |
_aAlemania _9115381 |
| 700 | 1 |
_aFriedel, Sabine _916680 |
|
| 773 | 0 |
_aEn: _tClaves de razón práctica _dMadrid : 2002 _w104741 _gn. 122, mayo, p. 30-40. - Loc. S.228 |
|
| 942 | _cAREV | ||
| 999 |
_c84815 _d84815 |
||